College road trip /
Choosing a college and striking out on one's own is an exciting time that requires a big adjustment by both child and parent, but few parents will have as much difficulty relinquishing control over their daughter's life as Chicago police chief James Porter. A loving, but overprotective fat...
| Corporate Authors: | , , |
|---|---|
| Other Authors: | , , , , , , , , |
| Format: | Video DVD |
| Language: | English French |
| Language Notes: | English or dubbed French dialogue, French or Spanish subtitles; English subtitles for the deaf and hard of hearing. |
| Published: |
Burbank, CA :
Walt Disney Home Entertainment,
[2008]
|
| Subjects: |
MARC
| Tag | First Indicator | Second Indicator | Subfields |
|---|---|---|---|
| LEADER | 00000cgm a2200000Ka 4500 | ||
| 001 | in00002393321 | ||
| 005 | 20151109071020.0 | ||
| 007 | vd cvaizq | ||
| 008 | 080416s2008 cau083 g vleng d | ||
| 020 | |a 0788888250 | ||
| 020 | |a 9780788888250 | ||
| 024 | 1 | 0 | |a 786936764451 |
| 028 | 4 | 2 | |a 57360 |b Walt Disney Home Entertainment |
| 035 | |a (OCoLC)224550823 | ||
| 035 | |a (OCoLC)ocn224550823 | ||
| 037 | |b Midwest Tape |n http://www.midwesttapes.com | ||
| 040 | |a TEFMT |c TEFMT |d TEF |d RNC |d GK8 |d TXA |d UtOrBLW | ||
| 041 | 1 | |a eng |a fre |h eng |j spa |g eng | |
| 043 | |a n-us--- |a n-us-dc |a n-us-il | ||
| 049 | |a TXAM | ||
| 050 | 1 | 4 | |a PN1995.9.C55 |b C655444 2008 |
| 082 | 0 | 4 | |a 791.43/72 |2 22 |
| 090 | |a PN1995.9.C55 |b C64 2008 | ||
| 245 | 0 | 0 | |a College road trip / |c Walt Disney Pictures presents a Gunnfilms production, a film by Roger Kumble ; produced by Andrew Gunn ; written by Emi Mochizuki & Carrie Evans and Cinco Paul & Ken Daurio ; directed by Roger Kumble. |
| 264 | 1 | |a Burbank, CA : |b Walt Disney Home Entertainment, |c [2008] | |
| 264 | 4 | |c ©2008 | |
| 300 | |a 1 videodisc (83 min.) : |b sound, color ; |c 4 3/4 in. | ||
| 336 | |a two-dimensional moving image |b tdi |2 rdacontent | ||
| 337 | |a video |b v |2 rdamedia | ||
| 338 | |a videodisc |b vd |2 rdacarrier | ||
| 538 | |a DVD; region 1; NTSC; full screen (1.33:1) and widescreen (2.35:1) presentations; Dolby Digital. | ||
| 546 | |a English or dubbed French dialogue, French or Spanish subtitles; English subtitles for the deaf and hard of hearing. | ||
| 500 | |a Title from container. | ||
| 511 | 1 | |a Martin Lawrence, Raven-Symoné, Donny Osmond. | |
| 508 | |a Director of photography, Theo van de Sande ; editor, Roger Bondelli ; music, Edward Shearmur ; costume designer, Francine Jameson-Tanchuck ; production designer, Ben Barraud. | ||
| 521 | 8 | |a MPAA rating: G. | |
| 520 | |a Choosing a college and striking out on one's own is an exciting time that requires a big adjustment by both child and parent, but few parents will have as much difficulty relinquishing control over their daughter's life as Chicago police chief James Porter. A loving, but overprotective father, James wants his daughter Melanie to attend nearby Northwestern College. When she's waitlisted and called for an interview at Georgetown in Washington, D.C., James gets more than a little nervous. Squashing her plans for a road trip to D.C. with her girlfriends, James insists on a father-daughter road trip which he envisions being full of reminiscing, heart-to-heart conversations, and a healthy dose of persuasive promotion of Northwestern. Melanie's little brother and pet pig stow away in the back of the truck. The Porters manage to keep running into a super sweet dad and his college-bound daughter, who have a close relationship, are full of clean-cut enthusiasm, and for some reason, willing to befriend the Porters. | ||
| 500 | |a Videorecording. | ||
| 650 | 0 | |a Fathers and daughters |z United States |v Drama. | |
| 650 | 0 | |a Campus visits |z Washington (D.C.) |v Drama. | |
| 650 | 0 | |a African American families |v Drama. | |
| 650 | 0 | |a African American police chiefs |z Illinois |z Chicago |v Drama. | |
| 650 | 7 | |a Padre e hija |z Estados Unidos |v Teatro. |2 bidex | |
| 650 | 7 | |a Universidades |z Washington, D.C. |v Teatro. |2 bidex | |
| 655 | 7 | |a Feature films. |2 lcgft | |
| 655 | 7 | |a Fiction films. |2 lcgft | |
| 655 | 7 | |a Comedy films. |2 lcgft | |
| 655 | 7 | |a Road films. |2 lcgft | |
| 655 | 7 | |a Video recordings for the hearing impaired. |2 lcgft | |
| 655 | 7 | |a Comedy |v Feature. |2 migfg | |
| 655 | 7 | |a Road |v Feature. |2 migfg | |
| 655 | 7 | |a Family |v Feature. |2 migfg | |
| 655 | 7 | |a Feature films. |2 gsafd | |
| 655 | 7 | |a Comedy films. |2 gsafd | |
| 700 | 1 | |a Gunn, Andrew, |d 1969- | |
| 700 | 1 | |a Mochizuki, Emi. | |
| 700 | 1 | |a Evans, Carrie. | |
| 700 | 1 | |a Paul, Cinco. | |
| 700 | 1 | |a Daurio, Ken. | |
| 700 | 1 | |a Kumble, Roger. | |
| 700 | 1 | |a Lawrence, Martin, |d 1965- | |
| 700 | 0 | |a Raven, |d 1985- | |
| 700 | 1 | |a Osmond, Donny. | |
| 710 | 2 | |a Walt Disney Pictures. | |
| 710 | 2 | |a Gunn Films (Firm) | |
| 710 | 2 | |a Walt Disney Home Entertainment (Firm) | |
| 948 | |a cataloged |b h |c 2008/7/18 |d c |e blrosas |f 1:04:06 pm | ||
| 949 | |a updated-AC Qatar |b h |c 2012/1/23 |e agreen | ||
| 994 | |a C0 |b TXA | ||
| 999 | |a MARS | ||
| 999 | f | f | |s 68e5ed6d-920e-310c-9cb4-4569d3fa3cfd |i 4dd82da3-efa6-3893-9dd8-69b72aaa09e4 |t 0 |
| 952 | f | f | |p dvd |a Texas A&M University |b College Station |c Sterling C. Evans Library |d Evans: Media and Reserves (Annex 1st floor) |t 0 |e PN1995.9.C55 C64 2008 |h Library of Congress classification |i video -- videodisc |m A14837267486 |
| 998 | f | f | |a PN1995.9.C55 C64 2008 |t 0 |l Evans: Media and Reserves (Annex 1st floor) |